[Event "DVM U12 2014"]
[Site "Verden/Aller GER"]
[Date "2014.12.29"]
[Round "6"]
[White "Weimert, Miriam"]
[Black "Askerov, Imamali"]
[Result "1/2-1/2"]
[Termination "normal"]
[Board "3.2"]
[WhiteElo "1532"]
[BlackElo "1746"]
[WhiteTeam "SG Turm Leipzig"]
[BlackTeam "Post SV Uelzen"]
[PlyCount "58"]
[WhiteFideId "12966703"]
[BlackFideId "12974498"]
[EventCountry "GER"]
[EventRounds "7"]
[EventType "team-swiss"]
[EventDate "2014.12.26"]

1. e4 c5 2. d4 cxd4 3. c3 e6 4. cxd4 d5 5. e5 Nc6 6. Nf3 Nge7 7. Bd3 Bd7 8. Nc3
a6 9. O-O Rc8 10. Be3 Ng6 11. Ng5 Be7 12. Qh5 Bxg5 13. Bxg5 Nce7 14. Ne2 Bb5
15. Bxb5+ axb5 16. Ng3 h6 17. Be3 O-O 18. f4 Rc6 19. f5 exf5 20. Nxf5 Nxf5 21.
Qxf5 Qc8 22. Qh5 Qd8 23. Qe2 Qh4 24. Rf3 Qe4 25. Qxb5 Nh4 26. Rg3 Nf5 27. Rf3
Nh4 28. Rg3 Nf5 29. Rf3 Nh4 1/2-1/2

[Event "DVM U12 2014"]
[Site "Verden/Aller GER"]
[Date "2014.12.29"]
[Round "6"]
[White "Buschmann, Julius"]
[Black "Badzies, Tobias"]
[Result "1-0"]
[Termination "normal"]
[Board "3.4"]
[WhiteElo "1428"]
[BlackElo "1053"]
[WhiteTeam "SG Turm Leipzig"]
[BlackTeam "Post SV Uelzen"]
[PlyCount "43"]
[WhiteFideId "16255895"]
[EventCountry "GER"]
[EventRounds "7"]
[EventType "team-swiss"]
[EventDate "2014.12.26"]

1. e4 c6 2. d4 d5 3. e5 Bf5 4. Nf3 e6 5. c3 Nd7 6. Bf4 c5 7. Bd3 Bxd3 8. Qxd3
f6 9. O-O c4 10. Qe2 g5 11. Nxg5 fxg5 12. Qh5+ Ke7 13. Bxg5+ Ndf6 14. exf6+
Nxf6 15. Bxf6+ Kxf6 16. Qe5+ Kg6 17. Qxh8 Qb6 18. Nd2 Qxb2 19. Nf3 Qxc3 20.
Ne5+ Kh6 21. Qf6+ Kh5 22. g4# 1-0

[Event "DVM U12 2014"]
[Site "Verden/Aller GER"]
[Date "2014.12.29"]
[Round "6"]
[White "Krastev, Alexander"]
[Black "Suvorov, Alexander"]
[Result "0-1"]
[Termination "normal"]
[Board "4.1"]
[WhiteElo "1727"]
[BlackElo "1823"]
[WhiteTeam "Biebertaler Schachfreunde"]
[BlackTeam "SG Porz"]
[PlyCount "128"]
[WhiteFideId "12989983"]
[BlackFideId "12977063"]
[EventCountry "GER"]
[EventRounds "7"]
[EventType "team-swiss"]
[EventDate "2014.12.26"]

1. e4 c6 2. d4 d5 3. e5 Bf5 4. Nf3 e6 5. Bd3 Bxd3 6. Qxd3 a6 7. Nbd2 c5 8. c3
Nc6 9. O-O Qc8 10. a3 Nge7 11. dxc5 Qc7 12. Re1 g6 13. c4 Rd8 14. Qe2 Bg7 15.
b4 O-O 16. Bb2 a5 17. b5 Nb8 18. cxd5 Nxd5 19. Qc4 Nd7 20. Rac1 Bh6 21. Rc2 Bg7
22. Nb3 Ra8 23. Bd4 Rfc8 24. Nbd2 h6 25. Rcc1 Qd8 26. Ne4 Qe7 27. Nd6 Rc7 28.
Qb3 Nf8 29. Ba1 Nd7 30. Bd4 Nf8 31. b6 Rd7 32. c6 bxc6 33. Rxc6 Rb8 34. h3 Kh7
35. Rb1 Nf4 36. Kf1 f6 37. b7 fxe5 38. Bc5 Qf6 39. Rc8 Rd8 40. Rxb8 Rxb8 41.
Ba7 Qd8 42. Bxb8 Qxb8 43. Qc2 Nd7 44. Qc8 Qxd6 45. b8=Q Nxb8 46. Qxb8 Qd3+ 47.
Kg1 Ne2+ 48. Kh1 Qf5 49. Re1 e4 50. Ng1 Nf4 51. Qa7 Qg5 52. g3 Nd3 53. Rxe4 Qd5
54. f3 Nc5 55. Re2 a4 56. Qa5 h5 57. Rc2 Bd4 58. Rd2 Qe5 59. Ne2 Be3 60. Ra2
Qd5 61. Ra1 Qc4 62. Kh2 Qxe2+ 63. Kh1 Qxf3+ 64. Kh2 Ne4 0-1

[Event "DVM U12 2014"]
[Site "Verden/Aller GER"]
[Date "2014.12.29"]
[Round "6"]
[White "Suvorov, Luca"]
[Black "Pralle, Finnegan"]
[Result "1-0"]
[Termination "normal"]
[Board "4.2"]
[WhiteElo "1757"]
[BlackElo "1698"]
[WhiteTeam "SG Porz"]
[BlackTeam "Biebertaler Schachfreunde"]
[PlyCount "85"]
[WhiteFideId "12977071"]
[BlackFideId "12986615"]
[EventCountry "GER"]
[EventRounds "7"]
[EventType "team-swiss"]
[EventDate "2014.12.26"]

1. d4 Nf6 2. Nf3 e6 3. c4 d5 4. cxd5 exd5 5. Qc2 c6 6. Nc3 Nbd7 7. Bg5 Be7 8.
e3 Nf8 9. Bd3 Ne6 10. Bh4 g6 11. O-O Ng7 12. Bg3 Bf5 13. Ne5 Bxd3 14. Nxd3 O-O
15. h3 Re8 16. Ne5 Nf5 17. Bh2 Nd6 18. a3 Nfe4 19. Na4 f6 20. Nd3 Nc4 21. Rfe1
Bf8 22. Rad1 Rc8 23. f3 Ned6 24. Qf2 Bh6 25. Bf4 Bxf4 26. Nxf4 b6 27. Nc3 Rc7
28. e4 dxe4 29. Nxe4 Nxe4 30. fxe4 Rce7 31. Qc2 Nd6 32. e5 Nb5 33. Qxc6 Nd6 34.
Nd5 Nf5 35. Nxf6+ Kf8 36. Nxe8 Rxe8 37. Qf3 Kg8 38. d5 Qg5 39. e6 Nh4 40. Qf7+
Kh8 41. Qxe8+ Kg7 42. Qf7+ Kh8 43. Qf8# 1-0

[Event "DVM U12 2014"]
[Site "Verden/Aller GER"]
[Date "2014.12.29"]
[Round "6"]
[White "Engländer, Leon Arne"]
[Black "Sewald, Richard"]
[Result "0-1"]
[Termination "normal"]
[Board "4.3"]
[WhiteElo "1312"]
[BlackElo "1562"]
[WhiteTeam "Biebertaler Schachfreunde"]
[BlackTeam "SG Porz"]
[PlyCount "60"]
[WhiteFideId "12997226"]
[BlackFideId "12983586"]
[EventCountry "GER"]
[EventRounds "7"]
[EventType "team-swiss"]
[EventDate "2014.12.26"]

1. e4 c5 2. Nc3 e6 3. d3 Nc6 4. g3 Nf6 5. Bg2 a6 6. f4 d5 7. Bd2 Be7 8. Nf3 d4
9. Ne2 b6 10. O-O Bb7 11. h3 h5 12. Be1 Qc7 13. Nd2 b5 14. e5 Nd5 15. Bf2 O-O-O
16. a4 g5 17. Re1 gxf4 18. gxf4 Rdg8 19. Ne4 Rg7 20. axb5 axb5 21. c4 bxc4 22.
dxc4 Nb6 23. N2g3 h4 24. Nh5 Rg6 25. Nhf6 Bxf6 26. Nxf6 Nxe5 27. Ne4 Nexc4 28.
Qc1 Bxe4 29. Rxe4 Rhg8 30. Kf1 Rxg2 0-1

[Event "DVM U12 2014"]
[Site "Verden/Aller GER"]
[Date "2014.12.29"]
[Round "6"]
[White "Gallasch, Robin"]
[Black "Limpert, Tillmann"]
[Result "0-1"]
[Termination "normal"]
[Board "4.4"]
[WhiteElo "1096"]
[BlackElo "1070"]
[WhiteTeam "SG Porz"]
[BlackTeam "Biebertaler Schachfreunde"]
[PlyCount "84"]
[WhiteFideId "16222423"]
[BlackFideId "16213254"]
[EventCountry "GER"]
[EventRounds "7"]
[EventType "team-swiss"]
[EventDate "2014.12.26"]

1. Nf3 d5 2. c4 e6 3. d4 Nf6 4. Nc3 Nbd7 5. Bg5 c6 6. e3 Qa5 7. Bxf6 Nxf6 8.
Rc1 Ne4 9. Qb3 Nxc3 10. bxc3 dxc4 11. Bxc4 Qc7 12. O-O Bd6 13. Bd3 O-O 14. c4
c5 15. h3 b6 16. d5 Bd7 17. Nd2 Qc8 18. f4 g6 19. Rf3 Rb8 20. a4 Qc7 21. Rcf1
f5 22. Rg3 a6 23. h4 exd5 24. Rff3 Be7 25. Rh3 Rf6 26. Rfg3 b5 27. axb5 axb5
28. Qc3 bxc4 29. Be2 d4 30. exd4 cxd4 31. Bxc4+ Kg7 32. Qf3 Qd6 33. h5 Bc6 34.
Qf2 Rb2 35. Rd3 Qc5 36. Rxd4 Rd6 37. Rhd3 Be4 38. Nxe4 fxe4 39. Qxb2 exd3 40.
h6+ Kf8 41. Qb8+ Rd8 42. Qe5 Qxd4+ 0-1

[Event "DVM U12 2014"]
[Site "Verden/Aller GER"]
[Date "2014.12.29"]
[Round "6"]
[White "Heckmann, Till"]
[Black "Kopylov, Daniel"]
[Result "0-1"]
[Termination "normal"]
[Board "5.1"]
[WhiteElo "1530"]
[BlackElo "1813"]
[WhiteTeam "SV Empor Berlin"]
[BlackTeam "TuRa Harksheide"]
[PlyCount "92"]
[WhiteFideId "12987093"]
[BlackFideId "12921971"]
[EventCountry "GER"]
[EventRounds "7"]
[EventType "team-swiss"]
[EventDate "2014.12.26"]

1. e4 c5 2. Nc3 g6 3. g3 Bg7 4. Bg2 Nc6 5. d3 d6 6. f4 e6 7. Nf3 Nge7 8. O-O
O-O 9. Be3 Nd4 10. Bf2 Bd7 11. Nxd4 Bxd4 12. Bxd4 cxd4 13. Ne2 Qb6 14. Rb1 d5
15. Kh1 dxe4 16. dxe4 Bb5 17. Rf3 Rad8 18. Nc1 Bc6 19. Rb3 Qc7 20. Ra3 a6 21.
Ne2 Qb6 22. Qg1 Qb4 23. Rd3 f5 24. Rxd4 Qa5 25. Nc3 fxe4 26. Bxe4 Nd5 27. Nxd5
Rxd5 28. Rxd5 exd5 29. Bg2 Qxa2 30. Rd1 Qxb2 31. Bxd5+ Bxd5+ 32. Rxd5 Qxc2 33.
Qd1 Qxd1+ 34. Rxd1 Rb8 35. Kg2 b5 36. Kf2 a5 37. Ke2 Rb7 38. Ra1 a4 39. Kd2 Kf7
40. Kc3 b4+ 41. Kc4 a3 42. Kb3 Ke6 43. Re1+ Kd5 44. Rc1 Kd4 45. Rc2 Kd3 46. h3
Ke3 0-1

[Event "DVM U12 2014"]
[Site "Verden/Aller GER"]
[Date "2014.12.29"]
[Round "6"]
[White "Oganessjan, Artur"]
[Black "Pysarenko, Kyrill"]
[Result "0-1"]
[Termination "normal"]
[Board "5.2"]
[WhiteElo "1786"]
[BlackElo "1408"]
[WhiteTeam "TuRa Harksheide"]
[BlackTeam "SV Empor Berlin"]
[PlyCount "113"]
[WhiteFideId "12986062"]
[BlackFideId "12974250"]
[EventCountry "GER"]
[EventRounds "7"]
[EventType "team-swiss"]
[EventDate "2014.12.26"]

1. e4 c5 2. Nf3 e6 3. d4 cxd4 4. Nxd4 Nf6 5. Nc3 d6 6. Bb5+ Bd7 7. Bxd7+ Nbxd7
8. O-O Be7 9. Re1 a6 10. Bg5 O-O 11. Qd2 Rc8 12. Nf3 Qc7 13. Rad1 Rfd8 14. Bf4
Nb6 15. Qc1 Nc4 16. Rd3 b5 17. e5 Ne8 18. exd6 Bxd6 19. Bxd6 Nexd6 20. b3 Nb6
21. Qf4 Qe7 22. Red1 Nf5 23. Ne5 Rxd3 24. Nxd3 Rxc3 25. Qb8+ Nc8 26. Ne5 Nfd6
27. Nc4 bxc4 28. Qb4 Rxc2 29. bxc4 Rxc4 30. Qb3 h6 31. h3 Qc7 32. Qe3 Nf5 33.
Qd2 Rd4 34. Qe2 Rxd1+ 35. Qxd1 Ncd6 36. Qa4 Qc1+ 37. Kh2 Qc4 38. Qd7 Qf4+ 39.
Kg1 Ne4 40. Qa7 Qc1+ 41. Kh2 Nd2 42. Qa8+ Kh7 43. g4 Nf1+ 44. Kg2 Nh4+ 45. Kh1
Nd2+ 46. Kh2 Ndf3+ 47. Kg3 Qg1+ 48. Kf4 g5+ 49. Ke3 Qe1+ 50. Kd3 Ne5+ 51. Kc2
Qe2+ 52. Kc3 Qd3+ 53. Kb4 Qc4+ 54. Ka3 Qb5 55. Qe4+ Kg7 56. Qb4 Qxb4+ 57. Kxb4
0-1

[Event "DVM U12 2014"]
[Site "Verden/Aller GER"]
[Date "2014.12.29"]
[Round "6"]
[White "Breitzmann, Sander"]
[Black "Höfs, Cederik"]
[Result "1-0"]
[Termination "normal"]
[Board "5.3"]
[WhiteElo "1410"]
[BlackElo "1163"]
[WhiteTeam "SV Empor Berlin"]
[BlackTeam "TuRa Harksheide"]
[PlyCount "113"]
[WhiteFideId "12987085"]
[BlackFideId "16207653"]
[EventCountry "GER"]
[EventRounds "7"]
[EventType "team-swiss"]
[EventDate "2014.12.26"]

1. e4 c6 2. d4 d5 3. e5 Bf5 4. h4 h6 5. Bd3 Bxd3 6. Qxd3 e6 7. c3 Nd7 8. Nf3 c5
9. O-O Be7 10. h5 f6 11. Qg6+ Kf8 12. Bf4 Qe8 13. Qg4 f5 14. Qh3 g5 15. hxg6
Qxg6 16. Kh1 Ke8 17. Rg1 h5 18. dxc5 Nxc5 19. Be3 Ne4 20. Nbd2 Kd7 21. Nxe4
fxe4 22. Nd4 Qg4 23. f3 exf3 24. Qxf3 Qxf3 25. gxf3 h4 26. Rg6 Bc5 27. Rxe6
Bxd4 28. Rd6+ Kc7 29. cxd4 Rc8 30. Rxd5 Ne7 31. Rc1+ Kb8 32. Rdc5 Rhf8 33.
Rxc8+ Nxc8 34. f4 Ne7 35. Rd1 Nd5 36. Re1 Kc8 37. Re2 Kd8 38. Kh2 Nxe3 39. Rxe3
Rxf4 40. Rd3 Kd7 41. d5 Rf5 42. Re3 b6 43. e6+ Ke7 44. d6+ Kxd6 45. e7 Rf2+ 46.
Kh3 Rxb2 47. e8=Q Rxa2 48. Rd3+ Kc7 49. Qd7+ Kb8 50. Qe8+ Kb7 51. Rd7+ Ka6 52.
Qc8+ Kb5 53. Rd5+ Kb4 54. Qg4+ Kc3 55. Qd4+ Kc2 56. Qd3+ Kc1 57. Qc3+ 1-0

[Event "DVM U12 2014"]
[Site "Verden/Aller GER"]
[Date "2014.12.29"]
[Round "6"]
[White "Peters, Malte"]
[Black "Breitzmann, Thorge"]
[Result "0-1"]
[Termination "normal"]
[Board "5.4"]
[WhiteElo "866"]
[BlackElo "1230"]
[WhiteTeam "TuRa Harksheide"]
[BlackTeam "SV Empor Berlin"]
[PlyCount "42"]
[WhiteFideId "16208978"]
[EventCountry "GER"]
[EventRounds "7"]
[EventType "team-swiss"]
[EventDate "2014.12.26"]

1. e4 e5 2. Nf3 Nc6 3. Bb5 Bc5 4. Nxe5 Nxe5 5. d4 Bd6 6. dxe5 Bxe5 7. Nc3 c6 8.
Bc4 Ne7 9. Be3 d6 10. Qd2 Be6 11. b3 b5 12. Bxe6 fxe6 13. O-O-O d5 14. f3 a5
15. a4 Qd6 16. Nb1 bxa4 17. bxa4 O-O 18. Bd4 Rab8 19. Qxa5 Bf4+ 20. Nd2 Qa3+
21. Bb2 Qxb2# 0-1

[Event "DVM U12 2014"]
[Site "Verden/Aller GER"]
[Date "2014.12.29"]
[Round "6"]
[White "Pölt, Christoph"]
[Black "Schlangenotto, Niklas"]
[Result "1/2-1/2"]
[Termination "normal"]
[Board "6.1"]
[WhiteElo "1678"]
[BlackElo "1549"]
[WhiteTeam "TV Tegernsee"]
[BlackTeam "SK Blauer Springer Paderborn"]
[PlyCount "43"]
[WhiteFideId "12960853"]
[BlackFideId "16217560"]
[EventCountry "GER"]
[EventRounds "7"]
[EventType "team-swiss"]
[EventDate "2014.12.26"]

1. d4 d5 2. c4 c6 3. cxd5 cxd5 4. Bf4 Nf6 5. Nc3 Nc6 6. e3 a6 7. Bd3 e6 8. Nge2
Bd6 9. Bg3 Qe7 10. O-O Bd7 11. a3 O-O 12. Rc1 Rac8 13. b4 b5 14. Nb1 e5 15. Re1
Rfe8 16. dxe5 Nxe5 17. Rxc8 Rxc8 18. Bf4 Nxd3 19. Qxd3 Bxf4 20. Nxf4 Qe4 21.
Qxe4 dxe4 22. f3 1/2-1/2

[Event "DVM U12 2014"]
[Site "Verden/Aller GER"]
[Date "2014.12.29"]
[Round "6"]
[White "Stirnberg, Noah"]
[Black "Feicht, Florian"]
[Result "1/2-1/2"]
[Termination "normal"]
[Board "6.2"]
[WhiteElo "1528"]
[BlackElo "1573"]
[WhiteTeam "SK Blauer Springer Paderborn"]
[BlackTeam "TV Tegernsee"]
[PlyCount "46"]
[WhiteFideId "16207742"]
[BlackFideId "12960888"]
[EventCountry "GER"]
[EventRounds "7"]
[EventType "team-swiss"]
[EventDate "2014.12.26"]

1. e4 e5 2. Nf3 Nc6 3. Bb5 a6 4. Ba4 b5 5. Bb3 Bc5 6. c3 Nf6 7. Bc2 d5 8. exd5
Qxd5 9. h3 O-O 10. O-O Re8 11. Bb3 Qd8 12. Re1 Bf5 13. Bc2 Bxc2 14. Qxc2 Qd5
15. d3 h6 16. Be3 Rad8 17. Nbd2 a5 18. Bxc5 Qxc5 19. Nb3 Qd5 20. Rad1 a4 21.
Nc1 Nh5 22. d4 exd4 23. Rxd4 Rxe1+ {nicht korrekt} 1/2-1/2

[Event "DVM U12 2014"]
[Site "Verden/Aller GER"]
[Date "2014.12.29"]
[Round "6"]
[White "Janke, Julian"]
[Black "Kleine, Jakob"]
[Result "1/2-1/2"]
[Termination "normal"]
[Board "6.4"]
[WhiteElo "1192"]
[BlackElo "1528"]
[WhiteTeam "SK Blauer Springer Paderborn"]
[BlackTeam "TV Tegernsee"]
[PlyCount "74"]
[WhiteFideId "16229185"]
[BlackFideId "12979821"]
[EventCountry "GER"]
[EventRounds "7"]
[EventType "team-swiss"]
[EventDate "2014.12.26"]

1. d4 d5 2. Bf4 Bf5 3. Nf3 e6 4. e3 Nf6 5. Bd3 Bxd3 6. Qxd3 Bd6 7. Bg3 Nc6 8.
a3 a6 9. Nbd2 Qe7 10. c4 Bxg3 11. hxg3 dxc4 12. Nxc4 h6 13. O-O O-O 14. Rac1
Rad8 15. Qb3 b5 16. Nce5 Nxe5 17. Nxe5 Rc8 18. Rc2 c5 19. Rfc1 c4 20. Qa2 Nd7
21. Nxd7 Qxd7 22. b3 cxb3 23. Qxb3 Rxc2 24. Rxc2 Rc8 25. Rc3 a5 26. Rxc8+ Qxc8
27. Qxb5 Qc1+ 28. Kh2 Qxa3 29. e4 Qb4 30. Qe8+ Kh7 31. d5 exd5 32. exd5 Kg6 33.
Qc6+ Kh7 34. d6 Qg4 35. Qd5 Qd7 36. Qc5 a4 37. Qc7 Qf5 1/2-1/2

[Event "DVM U12 2014"]
[Site "Verden/Aller GER"]
[Date "2014.12.29"]
[Round "6"]
[White "Kittelberger, Mattis"]
[Black "Reitz, Theresa"]
[Result "1-0"]
[Termination "normal"]
[Board "7.1"]
[WhiteElo "1564"]
[BlackElo "1485"]
[WhiteTeam "SC Aurich"]
[BlackTeam "VfR-SC Koblenz"]
[PlyCount "43"]
[WhiteFideId "12965103"]
[BlackFideId "12971901"]
[EventCountry "GER"]
[EventRounds "7"]
[EventType "team-swiss"]
[EventDate "2014.12.26"]

1. e4 c5 2. Nf3 e6 3. d4 cxd4 4. Nxd4 a6 5. Bd3 Qc7 6. Nc3 Nf6 7. O-O Be7 8.
Bd2 O-O 9. Kh1 b5 10. f4 Bb7 11. e5 Nd5 12. Nxd5 Bxd5 13. Qe2 d6 14. Nf3 Nd7
15. Bc3 Nc5 16. exd6 Bxd6 17. Bxh7+ Kh8 18. Ng5 f6 19. Bg6 Rfd8 20. Qh5+ Kg8
21. Qh7+ Kf8 22. Qh8+ 0-1

[Event "DVM U12 2014"]
[Site "Verden/Aller GER"]
[Date "2014.12.29"]
[Round "6"]
[White "Mailitis, Ricardo"]
[Black "Rajendram, Reanosh"]
[Result "0-1"]
[Termination "normal"]
[Board "7.2"]
[WhiteElo "1473"]
[BlackElo "1249"]
[WhiteTeam "VfR-SC Koblenz"]
[BlackTeam "SC Aurich"]
[PlyCount "58"]
[WhiteFideId "12977535"]
[BlackFideId "12965162"]
[EventCountry "GER"]
[EventRounds "7"]
[EventType "team-swiss"]
[EventDate "2014.12.26"]

1. e4 c5 2. Nf3 Nc6 3. c4 d6 4. d4 cxd4 5. Nxd4 Nf6 6. Nc3 a6 7. Be2 e5 8. Nb3
Be7 9. O-O O-O 10. Be3 Be6 11. f4 exf4 12. Bxf4 Qb6+ 13. Kh1 Rad8 14. Nd5 Bxd5
15. exd5 Ne5 16. Rc1 Rc8 17. Bd2 Qa7 18. Qe1 Ne4 19. Bf4 Ng6 20. Bg4 Nxf4 21.
Rxf4 Bg5 22. Bxc8 Bxf4 23. Qxe4 Bxc1 24. Nxc1 Rxc8 25. Nb3 Qf2 26. h3 h6 27.
Qb1 Re8 28. Qd3 Re1+ 29. Kh2 Qg1+ 0-1

[Event "DVM U12 2014"]
[Site "Verden/Aller GER"]
[Date "2014.12.29"]
[Round "6"]
[White "Abele, Anais"]
[Black "Riedel, Thomas"]
[Result "0-1"]
[Termination "normal"]
[Board "7.3"]
[WhiteElo "1105"]
[BlackElo "1199"]
[WhiteTeam "SC Aurich"]
[BlackTeam "VfR-SC Koblenz"]
[PlyCount "32"]
[WhiteFideId "16208927"]
[BlackFideId "12988278"]
[EventCountry "GER"]
[EventRounds "7"]
[EventType "team-swiss"]
[EventDate "2014.12.26"]

1. e4 e5 2. Nf3 Nc6 3. Bc4 Bc5 4. d3 Nf6 5. c3 O-O 6. Bb3 d5 7. exd5 Nxd5 8.
O-O Bg4 9. Re1 Qd7 10. Nbd2 Nf4 11. Ne4 Bb6 12. h3 Nxh3+ 13. gxh3 Bxh3 14. Ng3
Qg4 15. Nxe5 Qxg3+ 16. Kh1 Qg2# 0-1

[Event "DVM U12 2014"]
[Site "Verden/Aller GER"]
[Date "2014.12.29"]
[Round "6"]
[White "Stahnecker, Hagen"]
[Black "Ufkes, Enno"]
[Result "1-0"]
[Termination "normal"]
[Board "7.4"]
[WhiteElo "989"]
[BlackElo "968"]
[WhiteTeam "VfR-SC Koblenz"]
[BlackTeam "SC Aurich"]
[PlyCount "69"]
[WhiteFideId "16225422"]
[BlackFideId "12974994"]
[EventCountry "GER"]
[EventRounds "7"]
[EventType "team-swiss"]
[EventDate "2014.12.26"]

1. e4 e5 2. Nf3 Nc6 3. Bc4 Bc5 4. O-O Nf6 5. d3 d6 6. c3 Bg4 7. h3 Bh5 8. Re1
O-O 9. Nbd2 Rb8 10. Nf1 b5 11. Bb3 Re8 12. Ng3 Bxf3 13. Qxf3 a5 14. Bg5 a4 15.
Bd5 Na5 16. b4 Bb6 17. bxa5 Bxa5 18. Rac1 Rc8 19. Bc6 Re6 20. Bxb5 Ra8 21. Bc4
Re8 22. Bd5 Ra6 23. Nh5 c6 24. Bxf6 gxf6 25. Nxf6+ Kf8 26. Nxh7+ Kg8 27. Qxf7+
Kh8 28. Bc4 Ra8 29. Qf5 Ra7 30. Ng5 Kg7 31. Qh7+ Kf6 32. Qh6+ Ke7 33. Qe6+ Kf8
34. Qg8+ Ke7 35. Qf7# 1-0

[Event "DVM U12 2014"]
[Site "Verden/Aller GER"]
[Date "2014.12.29"]
[Round "6"]
[White "Chernykh, Arkady"]
[Black "Lichtmannecker, Daniel"]
[Result "0-1"]
[Termination "normal"]
[Board "8.1"]
[WhiteElo "1426"]
[BlackElo "1518"]
[WhiteTeam "Karlsruher SF 1853"]
[BlackTeam "FC Ergolding"]
[PlyCount "86"]
[WhiteFideId "12989436"]
[BlackFideId "12979414"]
[EventCountry "GER"]
[EventRounds "7"]
[EventType "team-swiss"]
[EventDate "2014.12.26"]

1. d4 d5 2. Nf3 Nf6 3. e3 e6 4. Bd3 c5 5. b3 Nc6 6. a3 cxd4 7. exd4 Bd6 8. Bb2
O-O 9. Nbd2 Re8 10. Ne5 Bxe5 11. dxe5 Nd7 12. O-O h6 13. f4 Nc5 14. Qg4 Qb6 15.
Kh1 Nxd3 16. cxd3 Nd4 17. Rab1 Bd7 18. Bxd4 Qxd4 19. Rf3 Rac8 20. Rg3 g6 21.
Qh4 Kh7 22. Rh3 h5 23. Qf6 Kg8 24. g4 Qc5 25. gxh5 Qe7 26. Rg1 Qxf6 27. exf6 e5
28. Rh4 Bf5 29. hxg6 fxg6 30. Nf3 Bxd3 31. fxe5 Be4 32. Rf1 Rxe5 33. Kg2 Rf5
34. Rh3 Rc3 35. Rg3 Kf7 36. Rh3 Kxf6 37. Rh8 Kg7 38. Ra8 Rfxf3 39. Rxa7 Rxb3
40. Rxf3 Rxf3 41. a4 Kf6 42. a5 d4 43. Ra8 Rb3+ 0-1

[Event "DVM U12 2014"]
[Site "Verden/Aller GER"]
[Date "2014.12.29"]
[Round "6"]
[White "Astner, Sebastian"]
[Black "Fidlin, Simon"]
[Result "1/2-1/2"]
[Termination "normal"]
[Board "8.2"]
[WhiteElo "1437"]
[BlackElo "1334"]
[WhiteTeam "FC Ergolding"]
[BlackTeam "Karlsruher SF 1853"]
[PlyCount "80"]
[WhiteFideId "12979422"]
[BlackFideId "16217535"]
[EventCountry "GER"]
[EventRounds "7"]
[EventType "team-swiss"]
[EventDate "2014.12.26"]

1. e4 e6 2. d4 d5 3. Nc3 Nf6 4. Bg5 Be7 5. e5 Nfd7 6. Bxe7 Qxe7 7. Nf3 c5 8.
Nb5 O-O 9. Nc7 Nc6 10. Nxa8 cxd4 11. Nc7 a6 12. Nxd4 Ndxe5 13. Nxa6 bxa6 14. c3
Qf6 15. Be2 Ne7 16. O-O N7g6 17. Nf3 Nc6 18. Re1 Rd8 19. Qa4 e5 20. Bxa6 e4 21.
Nd2 Bd7 22. Bb5 Nf4 23. Rad1 Qg6 24. g3 Nh3+ 25. Kf1 Qf6 26. Re2 Bg4 27. Rde1
Ne5 28. Nxe4 dxe4 29. Qxe4 Bxe2+ 30. Qxe2 g6 31. Kg2 Ng5 32. f4 Ngf3 33. fxe5
Nxe1+ 34. Qxe1 Qb6 35. Qe2 Qb7+ 36. Kg1 Qa7+ 37. Kf1 Qxa2 38. Bc4 Qb1+ 39. Kg2
Qf5 40. e6 Qg5 1/2-1/2

[Event "DVM U12 2014"]
[Site "Verden/Aller GER"]
[Date "2014.12.29"]
[Round "6"]
[White "Kokschenev, Michael"]
[Black "Kühne, Maria"]
[Result "0-1"]
[Termination "normal"]
[Board "8.3"]
[WhiteElo "1086"]
[BlackElo "1204"]
[WhiteTeam "Karlsruher SF 1853"]
[BlackTeam "FC Ergolding"]
[PlyCount "122"]
[WhiteFideId "12983721"]
[BlackFideId "12997412"]
[EventCountry "GER"]
[EventRounds "7"]
[EventType "team-swiss"]
[EventDate "2014.12.26"]

1. c4 e5 2. g3 Nc6 3. Bg2 Bc5 4. Nc3 Nf6 5. d3 h6 6. e3 d6 7. Nge2 Bd7 8. O-O
O-O 9. d4 exd4 10. exd4 Bb4 11. a3 Bxc3 12. Nxc3 Rb8 13. b4 a6 14. Qd3 Re8 15.
Bb2 Ne7 16. c5 dxc5 17. dxc5 Bc6 18. Qxd8 Rbxd8 19. Bxc6 Nxc6 20. Rad1 Ne5 21.
Rfe1 Nf3+ 22. Kf1 Rxe1+ 23. Rxe1 Nxe1 24. Kxe1 Re8+ 25. Kd2 Ne4+ 26. Nxe4 Rxe4
27. h3 g6 28. Kd3 Re6 29. Kd4 Re2 30. Bc1 Rxf2 31. Bxh6 Rf3 32. Bf4 c6 33. a4
f6 34. h4 Kf7 35. a5 Ke6 36. Ke4 Rb3 37. Bc7 Rxb4+ 38. Kf3 Kf5 39. Bd8 Rb3+ 40.
Kf2 Rc3 41. Be7 Ke6 42. Bd6 Kd5 43. Be7 f5 44. Kg2 Ra3 45. Kf2 Rxa5 46. Ke3 Ra4
47. Bd6 Re4+ 48. Kd3 Rg4 49. Ke3 a5 50. Kd3 a4 51. Kc3 Rc4+ 52. Kb2 Rxc5 53.
Bxc5 Kxc5 54. Ka3 b5 55. Kb2 Kc4 56. Kc2 a3 57. Kb1 b4 58. Kc1 Kd3 59. Kb1 Kc3
60. Kc1 a2 61. g4 a1=Q# 0-1

[Event "DVM U12 2014"]
[Site "Verden/Aller GER"]
[Date "2014.12.29"]
[Round "6"]
[White "Ottmair, Clemens"]
[Black "Fidlin, Maximilian"]
[Result "0-1"]
[Termination "normal"]
[Board "8.4"]
[WhiteElo "1105"]
[BlackElo "1051"]
[WhiteTeam "FC Ergolding"]
[BlackTeam "Karlsruher SF 1853"]
[PlyCount "44"]
[BlackFideId "12982555"]
[EventCountry "GER"]
[EventRounds "7"]
[EventType "team-swiss"]
[EventDate "2014.12.26"]

1. e4 e6 2. d4 d5 3. e5 c5 4. c3 Nc6 5. Nf3 Qb6 6. Bf4 Qxb2 7. Nbd2 Qxc3 8. Rc1
Qa5 9. Qc2 cxd4 10. Bd3 Nb4 11. Qb3 Bd7 12. Ra1 Ba4 13. Qb1 Rc8 14. Nxd4 Bc5
15. N4b3 Qb6 16. Nxc5 Qxc5 17. O-O Nxd3 18. Qxd3 Bb5 19. Qg3 Ne7 20. Rfc1 Qxc1+
21. Rxc1 Rxc1+ 22. Nf1 Rxf1# 0-1

[Event "DVM U12 2014"]
[Site "Verden/Aller GER"]
[Date "2014.12.29"]
[Round "6"]
[White "Gkegkas, Viktor"]
[Black "Grube, Olaf"]
[Result "1/2-1/2"]
[Termination "normal"]
[Board "9.2"]
[WhiteElo "1133"]
[BlackElo "1164"]
[WhiteTeam "SC Heitersheim"]
[BlackTeam "Schach-Kids Bernhausen"]
[PlyCount "98"]
[WhiteFideId "16247396"]
[BlackFideId "12956988"]
[EventCountry "GER"]
[EventRounds "7"]
[EventType "team-swiss"]
[EventDate "2014.12.26"]

1. e4 c5 2. Nf3 d6 3. d4 Nc6 4. dxc5 dxc5 5. Qxd8+ Nxd8 6. Bb5+ Nc6 7. O-O Bd7
8. Nc3 e5 9. Bxc6 Bxc6 10. Nxe5 Bd6 11. Nxc6 bxc6 12. Be3 Nf6 13. Rad1 Be7 14.
Rd2 O-O 15. Rfd1 c4 16. Rd4 Bb4 17. Rxc4 Bxc3 18. bxc3 Rfd8 19. Rxd8+ Rxd8 20.
h3 Rd1+ 21. Kh2 h6 22. Rxc6 Nxe4 23. Bxa7 Rc1 24. a4 Ra1 25. f3 Rxa4 26. fxe4
Rxa7 27. Rc8+ Kh7 28. c4 Re7 29. c5 Rxe4 30. c6 Rc4 31. c7 Rxc2 32. Kg1 Kg6 33.
Kf1 Kf6 34. Ke1 Ke7 35. Rg8 Rxc7 36. Rxg7 Kf6 37. Rg3 Kf5 38. Kf2 f6 39. Rf3+
Kg5 40. h4+ Kxh4 41. Rxf6 Kg5 42. Rf3 Rc2+ 43. Kg3 h5 44. Kh3 h4 45. g3 hxg3
46. Rxg3+ Kf4 47. Rg4+ Kf5 48. Kg3 Rg2+ 49. Kxg2 Kxg4 1/2-1/2